000 00456nam a2200193Ia 4500
003 OSt
005 20220518162929.0
008 210210b1961 xxu||||| |||| 00| 0 eng d
040 _cAL
041 _aFrench
082 _a444/461
100 _aFAGUET (E)
_937863
245 _aCe que disent les livres
260 _aCambridge
_bAt the University Press
_c1961
650 _aque
_937864
690 _aFrench
_937865
906 _a006656
942 _2ddc
_cBK
999 _c129646
_d129646